10 Decades of Baby Names (Boys) Quiz Stats

Quiz Updated Feb 27, 2014

Challenge
Share
Tweet
Embed
Score 0/200 Timer 10:00
9 Plays Today
% Correct
John
96.2%
John
96.1%
John
96.1%
John
96.1%
John
96.1%
John
96.1%
John
96.1%
John
96.1%
John
96.1%
John
96.1%
Michael
90%
Michael
89.9%
Michael
89.9%
James
89.9%
Michael
89.9%
Michael
89.9%
Michael
89.9%
Michael
89.9%
James
89.9%
James
89.9%
James
89.9%
James
89.9%
James
89.9%
James
89.9%
James
89.9%
James
89.9%
James
89.9%
William
88.7%
William
88.7%
William
88.7%
William
88.7%
William
88.7%
William
88.7%
William
88.7%
William
88.7%
William
88.7%
William
88.7%
David
84.4%
David
84.4%
David
84.4%
David
84.4%
David
84.4%
David
84.4%
David
84.4%
David
84.4%
Robert
84.1%
Robert
84.1%
Robert
84.1%
Robert
84.1%
Robert
84.1%
Robert
84.1%
Robert
84.1%
Robert
84.1%
Robert
84.1%
Matthew
82.6%
Matthew
82.6%
Matthew
82.6%
Matthew
82.6%
Thomas
81.9%
Thomas
81.9%
Thomas
81.9%
Thomas
81.9%
Thomas
81.9%
Thomas
81.9%
Thomas
81.9%
George
81.4%
George
81.4%
% Correct
George
81.4%
George
81.4%
Paul
79.4%
Paul
79.4%
Paul
79.4%
Paul
79.4%
Paul
79.4%
Paul
79.4%
Mark
79.1%
Mark
79.1%
Mark
79.1%
Richard
76.5%
Richard
76.5%
Richard
76.5%
Richard
76.5%
Richard
76.5%
Richard
76.5%
Richard
76.5%
Andrew
75.4%
Andrew
75.4%
Andrew
75.4%
Christopher
74.5%
Christopher
74.5%
Christopher
74.4%
Christopher
74.4%
Christopher
74.4%
Daniel
74.3%
Daniel
74.3%
Daniel
74.3%
Daniel
74.3%
Daniel
74.3%
Daniel
74.3%
Steven
73.7%
Steven
73.7%
Steven
73.7%
Joseph
72.7%
Joseph
72.7%
Joseph
72.7%
Joseph
72.7%
Joseph
72.7%
Joseph
72.7%
Joseph
72.7%
Joseph
72.7%
Joseph
72.7%
Joseph
72.7%
Charles
71.3%
Charles
71.3%
Charles
71.3%
Charles
71.3%
Charles
71.3%
Charles
71.3%
Jack
69.8%
Jack
69.8%
Frank
69.8%
Frank
69.8%
Frank
69.8%
Stephen
69.4%
Edward
67.2%
Edward
67.2%
Edward
67.2%
Edward
67.2%
Jacob
66.9%
Jacob
66.8%
Henry
66.1%
Henry
66.1%
Harry
63%
Brian
63%
% Correct
Brian
63%
Brian
63%
Timothy
61.4%
Kevin
61%
Kevin
61%
Alexander
60.4%
Jonathan
60%
Jonathan
60%
Joshua
58.2%
Joshua
58.2%
Joshua
58.2%
Anthony
57.6%
Anthony
57.6%
Anthony
57.6%
Jason
56.1%
Jason
56.1%
Ryan
55.4%
Ryan
55.4%
Ryan
55.4%
Nicholas
55%
Nicholas
55%
Nicholas
55%
Donald
54%
Donald
54%
Donald
54%
Donald
54%
Donald
54%
Ronald
53.7%
Ronald
53.7%
Ronald
53.7%
Eric
50.6%
Harold
50%
Harold
50%
Harold
50%
Jeffrey
47.7%
Jeffrey
47.7%
Justin
46.9%
Justin
46.9%
Zachary
46.9%
Larry
45%
Larry
45%
Scott
44.2%
Scott
44.2%
Kenneth
42.9%
Kenneth
42.9%
Kenneth
42.9%
Kenneth
42.9%
Albert
42.8%
Tyler
42.1%
Tyler
42.1%
Gary
41.7%
Gary
41.7%
Walter
41.3%
Walter
41.3%
Ethan
40.7%
Brandon
38.6%
Brandon
38.6%
Arthur
38.6%
Arthur
38.6%
Jerry
35.3%
Billy
35.1%
Noah
34%
Raymond
33.2%
Raymond
33.2%
Raymond
33.2%
Dennis
31.6%

You're not logged in!

Compare scores with friends on all Sporcle quizzes.
Sign Up with Email
OR
Log In

You Might Also Like...

Show Comments

Extras

Top Quizzes Today


Score Distribution

Your Account Isn't Verified!

In order to create a playlist on Sporcle, you need to verify the email address you used during registration. Go to your Sporcle Settings to finish the process.